| 000 | 00338nam a2200145Ia 4500 | ||
|---|---|---|---|
| 008 | 230917s9999||||xx |||||||||||||| ||und|| | ||
| 040 |
_e144266 _aMAIN |
||
| 041 | _aEnglish | ||
| 082 | _a870 V59A | ||
| 100 | _aVerma, Nismal | ||
| 245 | 0 | _aAusnahmezustand | |
| 260 |
_aheidelberg _bDraupadi verlag |
||
| 300 | _a154p. p. | ||
| 942 | _cBK | ||
| 999 |
_c133105 _d133105 |
||